LEADER 00945nam a2200241 u 4500 001 000000081399 003 CaOOAMICUS 005 20100210151218.0 008 050321s1942 it u000 u ita u 035 $a11035523 040 $aPUL(R)$bita 100 1 $aFascie, B.$0(OLS)http://pul/name/54253 245 14$aDel metodo educativo di Don Bosco :$bfonti e commenti /$cD. B. Fascie. 260 $aTorino :$bS. E. I.,$c1942. 300 $a114 p. ;$c21 cm 490 1 $aLetture di pedagogia ;$v4 650 4$aPedagogia$xMetodi.$0(OLS)http://pul/subject/7047 830 0$aLetture di pedagogia ;$v4.$0(OLS)http://pul/title/21108 850 $aPUL 852 $aPUL$W1$xDP1 Fondo Cecchetti$y53$m260 D 74.3$j193505$nBK-PRI$b $qFondi$B103840$CPULBib$Z2$F103840 $81 941 1 $a1 996 $6245$aDel metodo educativo di Don Bosco :$bfonti e commenti$9(OLS)http://pul/title/106473 996 $6260$aTorino :$bS. E. I.$9(OLS)http://pul/publisher/48669 LEADER 01587nam a2200337 a 4500 001 000000170932 003 CaOOAMICUS 005 20181205110523.0 008 181205s2018 it u000 u ita r 020 $a978-88-9088-205-0* 032 $aLibriCat 040 $aPUL$bita 041 1 $aita$aeng$heng 082 04$a344.0419 110 2 $aComitato Nazionale per la Bioetica.$0(OLS)http://pul/name/109922 245 10$aPareri :$b2015-2016 /$cComitato Nazionale per la Bioetica. 246 31$aOpinions :$b2015-2016 260 $a[Roma] :$bPresidenza del Consiglio dei Ministri, Dipartimento per l'Informazione e l'Editoria,$c2018. 300 $a245, 246 p. ;$c21 cm. 500 $aIn testa al front.: "Presidenza del Consiglio dei Ministri. Segretariato Generale. Comitato Nazionale per la Bioetica". 546 $aDoppio front. anche in inglese; interventi tradotti in inglese. 650 4$aBioetica$xDiritto.$0(OLS)http://pul/subject/34224 850 $aPUL 852 $aPUL$W1$xSL Diritto e Scienze Sociali 3$y79$m344. 0419 CNB 1$j194286$qDDC 21$B199466$CPULBib$Z2$F199466 $H131868 $81 941 1 $a9 996 $6020$a978-88-9088-205-0*$9(OLS)http://pul/number/165498 996 $6082$a344.0419$9(OLS)http://pul/classification/2021 996 $6245$aPareri :$b2015-2016$9(OLS)http://pul/title/211780 996 $6246$aOpinions :$b2015-2016$9(OLS)http://pul/title/211781 996 $6260$a[Roma] :$bPresidenza del Consiglio dei Ministri, Dipartimento per l'Informazione e l'Editoria$9(OLS)http://pul/publisher/51369